Về vấn đề quân sự

Giới thiệu các bài nói và viết của Hồ Chủ tịch từ năm 1921 đến năm 1969 về quân sự, đề cập một số vấn đề cơ bản trong tư tưởng quân sự của Hồ Chí Minh, đường lối chiến tranh nhân dân của Đảng ta, xây dựng quân đội nhân dân, tư tưởng cách mạng bạo lực, nghệ thuật quân sự của chiến tranh nhân dân, ......

Full description

Saved in:
Bibliographic Details
Main Author: Hồ Chí Minh
Format: Book
Language:Vietnamese
Published: H. Sự thật 1975
Subjects:
Tags: Add Tag
No Tags, Be the first to tag this record!
Institutions: Mạng thư viện Đại học Đà Nẵng
LEADER 01552nam a22003738a 4500
001 000007556
003 3719
005 20111006081033.0
008 111006s1975 b 000 0 vieod
020 |c 12500đ  |d 8150b 
041 0 |a vie 
082 |a 355  |b HÔ-M 
084 |a A  |b V250V 
100 1 |a Hồ Chí Minh 
245 1 0 |a Về vấn đề quân sự  |c Hồ Chí Minh 
260 |a H.  |b Sự thật  |c 1975 
300 |a 479tr : ảnh  |c 19cm 
520 |a Giới thiệu các bài nói và viết của Hồ Chủ tịch từ năm 1921 đến năm 1969 về quân sự, đề cập một số vấn đề cơ bản trong tư tưởng quân sự của Hồ Chí Minh, đường lối chiến tranh nhân dân của Đảng ta, xây dựng quân đội nhân dân, tư tưởng cách mạng bạo lực, nghệ thuật quân sự của chiến tranh nhân dân, ... 
653 |a chiến tranh nhân dân 
653 |a Việt Nam 
653 |a Đảng cộng sản Việt Nam 
653 |a Quân sự 
653 |a nghệ thuật quân sự 
910 |a Nguyễn Thị Kim Oanh  |d 06/10/2011 
OWN |a LSP 
AVA |a UDN50  |b LSP  |d 355 HÔ-M  |e available  |t Error 5001 Not defined in file expand_doc_bib_avail.  |f 4  |g 2  |h N  |i 0  |k 1 
999 |a From the UDN01 
AVA |a UDN50  |b LSP  |d 355 HÔ-M  |e available  |t Error 5001 Not defined in file expand_doc_bib_avail.  |f 4  |g 2  |h N  |i 0  |k 1 
TYP |a Monograph 
TYP |a Printed language 
980 |a Mạng thư viện Đại học Đà Nẵng